[Event "CZE-ch U14"]
[Site "Kouty nad Desnou"]
[Date "2017.03.12"]
[Round "2"]
[White "Mica, Marek"]
[Black "Hejsek, Lukas"]
[Result "0-1"]
[WhiteElo "1893"]
[BlackElo "1747"]
[PlyCount "68"]
[EventDate "2017.03.11"]
[EventType "swiss"]
[EventRounds "9"]
[EventCountry "CZE"]
[SourceTitle "CBM 177 Extra"]
[Source "ChessBase"]
[SourceDate "2017.04.27"]
[SourceVersion "1"]
[SourceVersionDate "2017.04.27"]
[SourceQuality "1"]

1. d4 Nf6 2. Nf3 c5 3. c4 g6 4. Nc3 cxd4 5. Nxd4 Bg7 6. g3 Nc6 7. Bg2 0-0 8. e3 a6 9. 0-0 Qc7 10. b3 d6 11. Bb2 Bd7 12. Rc1 Qd8 13. Kh1 Rc8 14. h3 Qa5 15. f4 Nxd4 16. exd4 b5 17. cxb5 axb5 18. Ra1 b4 19. Nb1 Bc6 20. Nd2 Bxg2+ 21. Kxg2 d5 22. a3 Rc7 23. a4 Rfc8 24. Re1 e6 25. Rc1 Rxc1 26. Bxc1 Qc7 27. Qe2 Qc2 28. Qb5 Rc3 29. Qxb4 Qd3 30. Nf1 Rxb3 31. Qd2 Qf3+ 32. Kg1 Ne4 33. Qd1 Qf2+ 34. Kh1 Rxg3 0-1